000 00665nam a2200205Ia 4500
001 10322
003 GE_BSU
008 181216s||||||||xx |||||||||||||| ||und||
040 _cGE_BSU
080 _a821.353.1-31
100 _aფანჯიკიძე,გურამ
245 _aმეშვიდე ცა:რომანი
245 _cრედ.ნ.კანდელაკი.მხატვ.დ.დუნდუა
260 _aთბილისი
260 _bსაბჭოთა საქართველო
260 _c1967
300 _a262გვ.21სმ.
653 _aმეშვიდე ცა:რომანი
942 _cBK
999 _c43588
_d43588